The Strokes' Most Streamed Songs - Statistics

General Stats
  • This quiz has been taken 531 times
    58 since last reset
  • The average score is 11 of 20
Answer Stats
Hint Answer % Correct
708,560,592 Reptilia
91%
725,560,968 The Adults Are Talking
91%
592,065,913 Someday
87%
778,693,123 Last Nite
85%
156,774,221 Ode to the Mets
77%
137,219,605 Is This It
74%
253,841,138 Selfless
66%
395,931,518 You Only Live Once
64%
144,934,313 12:51
49%
170,655,164 Hard To Explain
49%
239,275,493 Call It Fate, Call It Karma
47%
103,993,154 Bad Decisions
45%
125,298,545 Why Are Sundays So Depressing
45%
89,907,184 What Ever Happened?
40%
97,530,647 Brooklyn Bridge To Chorus
38%
147,149,453 Machu Picchu
38%
244,504,923 Under Cover Of Darkness
34%
86,341,527 Welcome to Japan
26%
102,006,493 Heart In a Cage
21%
82,477,144 Threat of Joy
4%
No matching quizzes found
Score Distribution
Percent of People with Each Score
Percentile by Number Answered
Your Score History
You have not taken this quiz since the last reset